[Event "Mondiale Semilampo FIDE 2024"]
[Site "New York"]
[Date "26.12.2024"]
[Round "4.79"]
[White "George, Kevin"]
[Black "Bezold, Michael"]
[Result "1-0"]
[WhiteTitle "IM"]
[BlackTitle "GM"]
[WhiteElo "2270"]
[BlackElo "2469"]
[WhiteFideId "10669515"]
[BlackFideId "4601718"]
[EventDate "26.12.2024"]

1. e4 d6 2. d4 Nf6 3. Nc3 c6 4. a4 Qa5 5. Bd3 e5 6. Ne2 Be7 7. O-O O-O 8. h3 Re8
9. Be3 Qc7 10. Qd2 Nbd7 11. Ng3 Bf8 12. f4 a6 13. Qf2 exd4 14. Bxd4 c5 15. Be3
c4 16. Be2 b6 17. Bd4 Bb7 18. Bf3 Re6 19. Nd5 Bxd5 20. exd5 Ree8 21. Nf5 Kh8 22.
Qh4 Qd8 23. Rae1 Rxe1 24. Rxe1 Ng8 25. Qh5 f6 26. Qf7 Nc5 27. a5 g6 28. Ne3 Rc8
29. axb6 Qxb6 30. Bg4 Qc7 31. Qxc7 Rxc7 32. Nxc4 h5 33. Bf3 Kg7 34. Re8 Kf7 35.
Ra8 f5 36. b3 Be7 37. Bxc5 Rxc5 38. Rxa6 Nf6 39. Nxd6+ Bxd6 40. Rxd6 Rxc2 41.
Rc6 Rd2 42. Rc7+ Kf8 43. Kh2 h4 44. b4 Rd4 45. b5 Rb4 46. Rc6 Ke7 47. b6 Ne8 48.
Rxg6 Nd6 49. b7 Nxb7 50. Rh6 Nc5 51. Rxh4 Nd3 52. Kg3 Rb8 53. Rh5 Rg8+ 54. Rg5
Rf8 55. h4 Kf6 56. h5 Rb8 57. Rg6+ Kf7 58. d6 Rh8 59. Bd5+ Ke8 60. h6 Kd7 61.
Bc4 Nc5 62. Bb5+ Kc8 63. d7+ Nxd7 64. Bxd7+ Kxd7 65. Kh4 1-0

[Event "Mondiale Semilampo FIDE 2024"]
[Site "New York"]
[Date "26.12.2024"]
[Round "4.80"]
[White "Schnaider, Ilan"]
[Black "Liang, Awonder"]
[Result "0-1"]
[WhiteTitle "IM"]
[BlackTitle "GM"]
[WhiteElo "2392"]
[BlackElo "2687"]
[WhiteFideId "169013"]
[BlackFideId "2056437"]
[EventDate "26.12.2024"]

1. d4 g6 2. e4 Bg7 3. Nc3 d6 4. f4 a6 5. Be3 b5 6. a3 Bb7 7. Nf3 Nd7 8. d5 Ngf6
9. Nd4 O-O 10. Bd3 Nc5 11. O-O Qd7 12. f5 c6 13. dxc6 Bxc6 14. Qf3 Rac8 15. Nxc6
Qxc6 16. Kh1 Rce8 17. Bd4 Nfd7 18. Bxg7 Kxg7 19. Nd5 f6 20. b4 Ne5 21. Qg3 Nb7
22. Nf4 Nd8 23. h4 Rg8 24. Rae1 Kh8 25. fxg6 hxg6 26. Nd5 Rg7 27. h5 Rh7 28. Rf4
Rxh5+ 29. Rh4 Rxh4+ 30. Qxh4+ Kg7 31. Kg1 Qd7 32. Rf1 Ndf7 33. Be2 Ng5 34. Qf4
Qa7+ 35. Rf2 Rf8 36. c3 Rf7 37. Kf1 Qa8 38. Nc7 Qxe4 39. Qxe4 Nxe4 40. Rf4 Nxc3
41. Nxa6 e6 42. Rd4 d5 43. Nc5 Re7 44. Kf2 Kf7 45. Nb3 Ne4+ 46. Ke1 Ra7 47. Na5
Rc7 48. Kd1 Nc3+ 49. Ke1 Nxe2 50. Kxe2 Rc3 51. Nb7 Rxa3 52. Nd6+ Ke7 53. Nxb5
Rb3 54. Rh4 Rb2+ 55. Kf1 f5 56. Nd4 Kf6 57. b5 Nc4 58. g4 e5 59. gxf5 exd4 60.
Rxd4 gxf5 0-1

[Event "Mondiale Semilampo FIDE 2024"]
[Site "New York"]
[Date "26.12.2024"]
[Round "4.81"]
[White "Benjamin, Joel"]
[Black "Juksta, Karolis"]
[Result "1/2-1/2"]
[WhiteTitle "GM"]
[BlackTitle "IM"]
[WhiteElo "2473"]
[BlackElo "2403"]
[WhiteFideId "2000091"]
[BlackFideId "12809039"]
[EventDate "26.12.2024"]

1. e4 e6 2. d4 d5 3. exd5 exd5 4. c4 Bb4+ 5. Nc3 Nf6 6. Bd3 dxc4 7. Bxc4 O-O 8.
Ne2 Nbd7 9. O-O Nb6 10. Bb3 c6 11. Qd3 Nfd5 12. Ng3 Re8 13. Bc2 g6 14. Nce4 Be6
15. Ng5 Bf8 16. Nxe6 Rxe6 17. a3 Qc7 18. Bg5 Rae8 19. Bb3 h6 20. Bd2 Bg7 21. f3
R6e7 22. Kh1 Kh7 23. Rad1 Ne3 24. Bxe3 Rxe3 25. Qc2 R3e7 26. Ne4 Rd8 27. Qf2 Nd5
28. Rfe1 f5 29. Nc5 Rde8 30. Rxe7 Qxe7 31. Bxd5 cxd5 32. Nd3 Qe2 33. Qxe2 Rxe2
34. g3 g5 35. b3 a5 36. Nc5 Re3 37. Nxb7 Rxb3 38. Nxa5 Rxa3 39. Nc6 Rxf3 40. Nb4
Rc3 41. Nxd5 Rb3 42. Ne7 f4 43. gxf4 gxf4 44. d5 Rb7 45. d6 Rd7 46. Kg2 Bf8 47.
Nc8 Kg6 48. Kf3 Kf5 49. Rd2 Ke6 50. Re2+ Kf6 51. Re4 Bxd6 52. Rd4 Ke5 53. Rxd6
Rxd6 54. Nxd6 Kxd6 55. Kxf4 Ke6 56. Kg4 Ke5 1/2-1/2

[Event "Mondiale Semilampo FIDE 2024"]
[Site "New York"]
[Date "26.12.2024"]
[Round "4.82"]
[White "Pereira, Fabian"]
[Black "Christiansen, Johan-Sebastian"]
[Result "0-1"]
[WhiteTitle "CM"]
[BlackTitle "GM"]
[WhiteElo "2123"]
[BlackElo "2661"]
[WhiteFideId "3701263"]
[BlackFideId "1512668"]
[EventDate "26.12.2024"]

1. e4 e5 2. Nf3 Nc6 3. Bb5 f5 4. d3 fxe4 5. dxe4 Nf6 6. O-O Bc5 7. Bc4 d6 8. a3
Bg4 9. Bg5 Qd7 10. Nbd2 O-O-O 11. Qe1 Rdf8 12. c3 Nh5 13. b4 Bb6 14. a4 h6 15.
Be3 Bxf3 16. Nxf3 Qg4 17. a5 Bxe3 18. fxe3 Qxe4 19. Qe2 Kb8 20. b5 Ne7 21. b6
cxb6 22. axb6 axb6 23. Nd2 Rxf1+ 24. Rxf1 Qc2 25. Rf7 Nc6 26. Bd5 Nd8 27. Rd7
Nf6 28. Rxd6 Qxc3 29. Ne4 Qc1+ 30. Kf2 Rf8 31. Kg3 Qc7 32. Qd1 Nf7 33. Rxf6 gxf6
34. Qb3 f5 35. Nc3 Nd6 36. Kf2 Rc8 37. Ne2 Qc5 38. g3 h5 39. Kg2 Qc2 0-1

[Event "Mondiale Semilampo FIDE 2024"]
[Site "New York"]
[Date "26.12.2024"]
[Round "4.83"]
[White "Grahn, Vidar"]
[Black "Druska, Juraj"]
[Result "0-1"]
[WhiteTitle "FM"]
[BlackTitle "IM"]
[WhiteElo "2263"]
[BlackElo "2423"]
[WhiteFideId "1744780"]
[BlackFideId "14915650"]
[EventDate "26.12.2024"]

1. d4 g6 2. c4 Bg7 3. Nc3 c5 4. d5 d6 5. e4 Bxc3+ 6. bxc3 e5 7. Be2 Nd7 8. Nf3
Qe7 9. O-O h5 10. Be3 f6 11. Ne1 h4 12. f4 exf4 13. Bxf4 g5 14. Bd2 Nh6 15. Qc2
Ne5 16. Nd3 Nhg4 17. Bxg4 Bxg4 18. Rf2 O-O 19. Nxe5 Qxe5 20. Raf1 Rae8 21. Qa4
a6 22. Qb3 Rf7 23. Qb1 h3 24. Qd3 Kg7 25. gxh3 Bh5 26. h4 Qxe4 27. Qxe4 Rxe4 28.
hxg5 fxg5 29. Bxg5 Rg4+ 30. Rg2 Rxg2+ 31. Kxg2 Be2 32. Rxf7+ Kxf7 33. Bf4 Ke7
34. h4 Bxc4 35. h5 Bxd5+ 36. Kf2 Bxa2 37. h6 Bb1 38. Ke3 b5 39. Kd2 Kd7 40. Kc1
Bh7 41. Kb2 Kc6 42. Bh2 d5 43. Bg3 a5 44. Be1 b4 45. Bh4 Kb5 46. Be7 Kc4 47. Bf6
Bg6 48. Bg7 Bf5 49. Bf6 Be4 50. Be5 Bd3 51. Bf6 Bh7 52. Be5 d4 53. cxd4 cxd4 54.
Bf4 a4 55. Bc1 a3+ 56. Ka1 Kc3 57. Ka2 d3 58. Bb2+ axb2 0-1

[Event "Mondiale Semilampo FIDE 2024"]
[Site "New York"]
[Date "26.12.2024"]
[Round "4.84"]
[White "Barbosa, Oliver"]
[Black "Sharshenbekov, Emir"]
[Result "1-0"]
[WhiteTitle "GM"]
[BlackTitle "CM"]
[WhiteElo "2451"]
[BlackElo "2078"]
[WhiteFideId "5201640"]
[BlackFideId "13810634"]
[EventDate "26.12.2024"]

1. Nf3 f5 2. d4 Nf6 3. c4 g6 4. g3 Bg7 5. Bg2 O-O 6. O-O d6 7. Nc3 Qe8 8. Re1
Qf7 9. e4 Nxe4 10. Nxe4 fxe4 11. Rxe4 Bf5 12. Ng5 Qf6 13. Rh4 h6 14. Bd5+ e6 15.
Nxe6 Bxe6 16. Rf4 Bxd5 17. Rxf6 Rxf6 18. cxd5 Na6 19. Be3 Rf5 20. Qb3 Rb8 21.
Rc1 g5 22. Qc4 Rff8 23. a4 Rf7 24. Qb5 Re7 25. Kg2 Re4 26. b4 Re7 27. Qa5 Rc8
28. b5 Nb8 29. Qxa7 1-0

[Event "Mondiale Semilampo FIDE 2024"]
[Site "New York"]
[Date "26.12.2024"]
[Round "4.85"]
[White "Wanyama, Harold"]
[Black "Dragnev, Valentin"]
[Result "0-1"]
[WhiteTitle "FM"]
[BlackTitle "GM"]
[WhiteElo "2154"]
[BlackElo "2563"]
[WhiteFideId "10000380"]
[BlackFideId "1634852"]
[EventDate "26.12.2024"]

1. d4 d5 2. c4 e6 3. g3 a6 4. cxd5 exd5 5. Bg2 Nf6 6. Nc3 c6 7. Nf3 Be7 8. Qc2
O-O 9. O-O Re8 10. Bf4 Nbd7 11. Rac1 Nf8 12. Rfd1 Ne6 13. Bd2 Bd6 14. e3 Nc7 15.
Be1 Bg4 16. h3 Bh5 17. g4 Bg6 18. Qb3 Rb8 19. Ne2 h5 20. g5 Ne4 21. h4 f6 22.
Nf4 Bxf4 23. exf4 Ne6 24. Qe3 Qd6 25. Ne5 fxe5 26. fxe5 Qf8 27. f3 Nd6 28. exd6
Nf4 29. Qa3 Ne2+ 30. Kh1 Nxc1 31. Rxc1 Qf4 32. Qc5 Rxe1+ 0-1

[Event "Mondiale Semilampo FIDE 2024"]
[Site "New York"]
[Date "26.12.2024"]
[Round "4.86"]
[White "Makoto, Rodwell"]
[Black "Manon, Reja Neer"]
[Result "1/2-1/2"]
[WhiteTitle "IM"]
[BlackTitle "IM"]
[WhiteElo "2334"]
[BlackElo "2429"]
[WhiteFideId "11000120"]
[BlackFideId "10224009"]
[EventDate "26.12.2024"]

1. Nf3 Nf6 2. c4 e6 3. g3 d5 4. Bg2 Be7 5. d4 O-O 6. O-O dxc4 7. Qc2 a6 8. a4
Bd7 9. Qxc4 Bc6 10. Bg5 Nbd7 11. Nc3 a5 12. Rfe1 Bxf3 13. Bxf3 c6 14. e4 h6 15.
Be3 Qb6 16. Qe2 Qb4 17. Qc2 e5 18. Red1 Rfd8 19. Be2 Rac8 20. Kg2 Bf8 21. h3 Qe7
22. dxe5 Nxe5 23. f4 Ng6 24. e5 Nd5 25. Nxd5 cxd5 26. Qb3 Qb4 27. Qxb4 Bxb4 28.
Bb6 Rf8 29. Rac1 Ne7 30. Bg4 Rc6 31. Bd4 Rd8 32. Bc3 Bxc3 33. Rxc3 d4 34. Bf3
Rb6 35. Rd2 Rxb2 36. Rxb2 dxc3 37. Rc2 Rc8 38. Bxb7 Rc4 39. Kf3 Nf5 40. Rc1 c2
41. Be4 Rc3+ 42. Kf2 Nxg3 43. Bxc2 Ne4+ 44. Ke2 g6 45. Kd1 Nc5 46. Rb1 Rc4 47.
Rb8+ Kg7 48. Rc8 Nxa4 49. Ra8 Rxf4 50. Rxa5 Nb2+ 51. Ke2 Nc4 52. Rc5 g5 53. Bb3
Nb6 54. Rc6 Nd7 55. e6 fxe6 56. Rc7 Rd4 57. Bxe6 Re4+ 58. Kf3 Rxe6 59. Rxd7+ Kg6
60. Kg3 Rb6 61. Rd3 Rb4 62. Rc3 Rf4 63. Rb3 Re4 64. Ra3 Kf5 65. Ra5+ Re5 66.
Rxe5+ Kxe5 67. h4 Kf5 68. hxg5 hxg5 69. Kf3 g4+ 70. Kg2 Kf4 71. Kf2 g3+ 72. Kg1
Ke3 73. Kg2 Kf4 74. Kg1 Kg5 75. Kg2 Kg4 76. Kg1 Kh3 77. Kh1 g2+ 78. Kg1 Kg3 1/2-1/2

[Event "Mondiale Semilampo FIDE 2024"]
[Site "New York"]
[Date "26.12.2024"]
[Round "4.87"]
[White "Thavandiran, Shiyam"]
[Black "Soo, Kai Jie"]
[Result "1-0"]
[WhiteTitle "IM"]
[BlackTitle "FM"]
[WhiteElo "2410"]
[BlackElo "2153"]
[WhiteFideId "2605058"]
[BlackFideId "5803454"]
[EventDate "26.12.2024"]

1. e4 e6 2. d4 d5 3. exd5 exd5 4. Nf3 Nc6 5. c3 Bd6 6. Bd3 Nge7 7. O-O Bg4 8.
Nbd2 Qd7 9. Re1 f6 10. Nf1 O-O-O 11. b4 Ng6 12. Ne3 Be6 13. a4 Nf4 14. Bf1 g5
15. a5 Ne7 16. Nd2 g4 17. Nb3 Rdg8 18. Nc5 Bxc5 19. bxc5 Nc6 20. a6 b6 21. Bb5
Qe8 22. Nf1 Nh3+ 23. gxh3 gxh3+ 24. Ng3 Rg7 25. c4 Re7 26. cxb6 cxb6 27. Ba3 1-0

[Event "Mondiale Semilampo FIDE 2024"]
[Site "New York"]
[Date "26.12.2024"]
[Round "4.88"]
[White "Oro, Faustino"]
[Black "Meylan, Andre"]
[Result "1-0"]
[WhiteTitle "IM"]
[BlackTitle "CM"]
[WhiteElo "2433"]
[BlackElo "2138"]
[WhiteFideId "20000197"]
[BlackFideId "1301225"]
[EventDate "26.12.2024"]

1. e4 e6 2. d4 d5 3. e5 c5 4. c3 Nc6 5. Nf3 Nge7 6. Na3 cxd4 7. cxd4 Nf5 8. Nc2
Qb6 9. Bd3 Bd7 10. O-O Be7 11. g4 Nh4 12. Nxh4 Bxh4 13. g5 h6 14. Qh5 O-O-O 15.
Qxh4 hxg5 16. Qxg5 f6 17. Qg3 fxe5 18. dxe5 Rh5 19. Bg5 Rdh8 20. h4 Qxb2 21. Bg6
Rxg5 22. hxg5 Qxe5 23. Rfe1 Qxg3+ 24. fxg3 e5 25. Ne3 Be6 26. Bf5 Kd7 27. g4 Nd4
28. Kg2 Kd6 29. Bxe6 Kxe6 30. Rad1 1-0

[Event "Mondiale Semilampo FIDE 2024"]
[Site "New York"]
[Date "26.12.2024"]
[Round "4.89"]
[White "Gretarsson, Helgi Ass"]
[Black "Esquivel Golcher, Luis Enrique"]
[Result "0-1"]
[WhiteTitle "GM"]
[BlackTitle "FM"]
[WhiteElo "2418"]
[BlackElo "2081"]
[WhiteFideId "2300699"]
[BlackFideId "6600174"]
[EventDate "26.12.2024"]

1. d4 e6 2. Nf3 Nf6 3. c4 Bb4+ 4. Nbd2 O-O 5. a3 Bxd2+ 6. Qxd2 d6 7. b4 Qe7 8.
Bb2 a5 9. b5 b6 10. e3 Bb7 11. Be2 Nbd7 12. a4 Ne4 13. Qc2 f5 14. O-O Rf6 15. d5
e5 16. Ne1 Rh6 17. g3 Rf8 18. Ng2 Rff6 19. f3 Ng5 20. f4 Ne4 21. g4 Rfg6 22. g5
Nxg5 23. fxg5 Qxg5 24. Bf3 e4 25. Bd1 Qh4 0-1

[Event "Mondiale Semilampo FIDE 2024"]
[Site "New York"]
[Date "26.12.2024"]
[Round "4.90"]
[White "Larrea, Manuel"]
[Black "Wong, Hayoung"]
[Result "1-0"]
[WhiteTitle "FM"]
[WhiteElo "2259"]
[BlackElo "1704"]
[WhiteFideId "3000508"]
[BlackFideId "13205145"]
[EventDate "26.12.2024"]

1. e4 e5 2. Nf3 Nc6 3. Bc4 Bc5 4. c3 Nf6 5. d3 d6 6. O-O O-O 7. Nbd2 a6 8. Bb3
Be6 9. Bc2 Bb6 10. Nc4 Ba7 11. Qe2 Qd7 12. Bg5 Ne8 13. Nh4 f6 14. Be3 d5 15.
exd5 Bxd5 16. Bxa7 Rxa7 17. Rad1 Nd6 18. Ne3 Be6 19. d4 exd4 20. cxd4 Bf7 21. d5
Ne7 22. Qd3 Ng6 23. Nhf5 Raa8 24. h4 Rfe8 25. Nxd6 Qxd6 26. Nf5 Qb4 27. Qg3 Qf4
28. Qh3 Re2 29. Rd4 Qe5 30. Bd3 Rxb2 31. f4 Qe8 32. Qg3 Qf8 33. Re1 Re8 34. Rxe8
Bxe8 35. Re4 Qc5+ 36. Kh2 Bd7 37. Rc4 Qf2 38. Rxc7 Bxf5 1-0

[Event "Mondiale Semilampo FIDE 2024"]
[Site "New York"]
[Date "26.12.2024"]
[Round "5.1"]
[White "Lazavik, Denis"]
[Black "Carlsen, Magnus"]
[Result "1-0"]
[WhiteTitle "GM"]
[BlackTitle "GM"]
[WhiteElo "2578"]
[BlackElo "2831"]
[WhiteFideId "13515110"]
[BlackFideId "1503014"]
[EventDate "26.12.2024"]

1. d4 d5 2. c4 c6 3. cxd5 cxd5 4. Nc3 Nf6 5. Bf4 Nc6 6. e3 a6 7. Rc1 Bf5 8. Nf3
e6 9. Qb3 Ra7 10. Be2 Be7 11. O-O Nd7 12. Na4 g5 13. Be5 O-O 14. Bg3 h5 15. h3
g4 16. hxg4 hxg4 17. Nh2 Nf6 18. Qd1 Ne4 19. Bf4 Bg5 20. Bxg4 Bxf4 21. exf4 Kg7
22. Bxf5 exf5 23. g3 Rh8 24. Nf3 Ra8 25. Kg2 Qf6 26. Nc3 Rad8 27. Qd3 Rh5 28.
Rh1 Qh6 29. Qe3 Rh8 30. Rxh5 Qxh5 31. Nh4 Nf6 32. Rh1 Kf8 33. Qd3 Ne7 34. Ng6+
fxg6 35. Rxh5 gxh5 36. Ne2 Kf7 37. Ng1 h4 38. gxh4 Rxh4 39. Nh3 Kg6 40. Qb3 Nc6
41. Qxb7 Nxd4 42. Qxa6 Rg4+ 43. Kf1 Rh4 44. Qd3 Ne6 45. Qg3+ Rg4 46. Qe3 Rh4 47.
Qxe6 Rxh3 48. Ke2 Rh1 49. a4 Ra1 50. Qc6 Ra2 51. Qb5 1-0

[Event "Mondiale Semilampo FIDE 2024"]
[Site "New York"]
[Date "26.12.2024"]
[Round "5.2"]
[White "Dominguez Perez, Leinier"]
[Black "Sargsyan, Shant"]
[Result "1/2-1/2"]
[WhiteTitle "GM"]
[BlackTitle "GM"]
[WhiteElo "2741"]
[BlackElo "2646"]
[WhiteFideId "3503240"]
[BlackFideId "13306766"]
[EventDate "26.12.2024"]

1. e4 e5 2. Nf3 Nc6 3. Bb5 a6 4. Ba4 Nf6 5. O-O Be7 6. d3 b5 7. Bb3 d6 8. c3 O-O
9. h3 Bb7 10. Re1 Na5 11. Bc2 c5 12. Nbd2 Re8 13. Nf1 h6 14. Ng3 Bf8 15. d4 cxd4
16. cxd4 exd4 17. Nxd4 Qc7 18. Bd2 Nc4 19. Bc3 Rac8 20. Rc1 b4 21. Bxb4 Nxb2 22.
Qf3 Qc4 23. Qb3 Qxd4 24. Ne2 Qb6 25. Qxb2 Bxe4 26. Bb3 Rxc1 27. Rxc1 Qb7 28. Nf4
d5 29. Bxf8 Rxf8 30. Qd4 Qb8 31. Ne2 Re8 32. Nc3 1/2-1/2

[Event "Mondiale Semilampo FIDE 2024"]
[Site "New York"]
[Date "26.12.2024"]
[Round "5.4"]
[White "Sindarov, Javokhir"]
[Black "Sevian, Samuel"]
[Result "1/2-1/2"]
[WhiteTitle "GM"]
[BlackTitle "GM"]
[WhiteElo "2682"]
[BlackElo "2696"]
[WhiteFideId "14205483"]
[BlackFideId "2040506"]
[EventDate "26.12.2024"]

1. e4 e6 2. Nf3 d5 3. Nc3 Nf6 4. e5 Nfd7 5. d4 c5 6. Ne2 Nc6 7. c3 Be7 8. a3 O-O
9. Nf4 Qa5 10. b4 cxb4 11. Bd3 bxc3 12. Qc2 b6 13. h4 h6 14. Rh3 Nxd4 15. Nxd4
Nxe5 16. Be2 Bd7 17. Nh5 Ba4 18. Qxc3 Qxc3+ 19. Rxc3 Bxh4 20. Rh3 Be7 21. Nxg7
Kxg7 22. Bxh6+ Kg6 23. Bxf8 Bxf8 24. f4 Nc6 25. Bd3+ Kf6 26. Nxc6 Bxc6 27. Rc1
Bc5 28. g4 Ke7 29. g5 1/2-1/2

[Event "Mondiale Semilampo FIDE 2024"]
[Site "New York"]
[Date "26.12.2024"]
[Round "5.5"]
[White "Sadhwani, Raunak"]
[Black "Robson, Ray"]
[Result "1/2-1/2"]
[WhiteTitle "GM"]
[BlackTitle "GM"]
[WhiteElo "2673"]
[BlackElo "2700"]
[WhiteFideId "35093487"]
[BlackFideId "2023970"]
[EventDate "26.12.2024"]

1. e4 e5 2. Nf3 Nc6 3. Bb5 Nf6 4. O-O Nxe4 5. Re1 Nd6 6. Nxe5 Be7 7. Bf1 Nxe5 8.
Rxe5 O-O 9. d4 Bf6 10. Re1 Re8 11. Rxe8+ Nxe8 12. c3 d5 13. Bd3 1/2-1/2

[Event "Mondiale Semilampo FIDE 2024"]
[Site "New York"]
[Date "26.12.2024"]
[Round "5.6"]
[White "Naroditsky, Daniel"]
[Black "Jacobson, Brandon"]
[Result "1-0"]
[WhiteTitle "GM"]
[BlackTitle "GM"]
[WhiteElo "2619"]
[BlackElo "2583"]
[WhiteFideId "2026961"]
[BlackFideId "30901561"]
[EventDate "26.12.2024"]

1. Nf3 Nf6 2. g3 g6 3. b3 Bg7 4. Bb2 b6 5. Bg2 Bb7 6. O-O O-O 7. c4 e6 8. d4 Qe7
9. Nc3 d5 10. cxd5 exd5 11. Rc1 Rd8 12. Rc2 Na6 13. a3 c5 14. e3 Nc7 15. Qa1 c4
16. a4 cxb3 17. Ba3 Qe6 18. Rb2 Ba6 19. Rc1 Bc4 20. Nd2 Rac8 21. Nxb3 h5 22. Nd2
Bd3 23. Nf3 Nce8 24. Ne5 Bf5 25. a5 Ne4 26. Ne2 Rxc1+ 27. Qxc1 Rc8 28. Qe1 bxa5
29. Nf4 Qa6 30. Bf1 Rc4 31. Rb8 Kh7 32. Rxe8 Bxe5 33. Rxe5 Ng5 34. Qd1 Bg4 35.
Be2 Nh3+ 36. Kg2 Nxf4+ 37. exf4 Bf5 38. Bxc4 Qxc4 39. Rxf5 1-0

[Event "Mondiale Semilampo FIDE 2024"]
[Site "New York"]
[Date "26.12.2024"]
[Round "5.7"]
[White "Caruana, Fabiano"]
[Black "Svane, Rasmus"]
[Result "1/2-1/2"]
[WhiteTitle "GM"]
[BlackTitle "GM"]
[WhiteElo "2805"]
[BlackElo "2628"]
[WhiteFideId "2020009"]
[BlackFideId "4657101"]
[EventDate "26.12.2024"]

1. e4 e5 2. Nf3 Nc6 3. Bc4 Nf6 4. d3 h6 5. a4 Bc5 6. a5 a6 7. O-O O-O 8. c3 d6
9. h3 Ba7 10. Nbd2 Ne7 11. Re1 Ng6 12. Bb3 Re8 13. d4 Bd7 14. Bc2 Bc6 15. Ra3
Re7 16. b4 Rc8 17. d5 Be8 18. c4 c5 19. dxc6 bxc6 20. Bd3 Rb8 21. Rb3 Reb7 22.
c5 dxc5 23. Bxa6 Rxb4 24. Ra3 Ra8 25. Bf1 c4 26. Nxc4 Qxd1 27. Rxd1 Nxe4 28. Be3
Bxe3 29. Rxe3 f5 30. g4 fxg4 31. Rxe4 gxf3 32. Nb6 Rxe4 33. Nxa8 Ra4 34. a6 Nf4
35. Nc7 Bg6 36. Kh2 Ne2 37. Rd8+ Kh7 38. Rd2 Ra1 39. Bxe2 fxe2 40. Rxe2 Bd3 41.
Rxe5 Bxa6 42. Re7 Ra2 43. Ne6 Rxf2+ 44. Kg3 Rf6 45. Rxg7+ Kh8 46. Re7 Bc4 47.
Nf4 Kg8 48. h4 Kf8 49. Ra7 Bd5 50. Nxd5 cxd5 51. Rd7 Rf5 52. Kg4 Re5 53. Kf4 Rh5 1/2-1/2

[Event "Mondiale Semilampo FIDE 2024"]
[Site "New York"]
[Date "26.12.2024"]
[Round "5.8"]
[White "Lenderman, Aleksandr"]
[Black "Vachier-Lagrave, Maxime"]
[Result "1/2-1/2"]
[WhiteTitle "GM"]
[BlackTitle "GM"]
[WhiteElo "2480"]
[BlackElo "2731"]
[WhiteFideId "2021285"]
[BlackFideId "623539"]
[EventDate "26.12.2024"]

1. d4 Nf6 2. Nf3 g6 3. g3 Bg7 4. Bg2 d5 5. O-O O-O 6. c3 a5 7. c4 dxc4 8. Na3
Nc6 9. Nxc4 Be6 10. Nce5 Bd5 11. Nxc6 Bxc6 12. Bf4 Be4 13. Qc1 c6 14. Rd1 a4 15.
Bh6 Bxh6 16. Qxh6 Qd5 17. Qd2 Rfd8 18. Qb4 Qd6 19. Qxd6 exd6 20. a3 Bxf3 21.
Bxf3 d5 22. e3 Ne8 23. Be2 Nd6 24. Rac1 Kg7 25. Bd3 f5 26. h4 h6 27. Kg2 Kf6 28.
Rc5 Rh8 29. Rh1 Ke6 30. Rc2 g5 31. hxg5 hxg5 32. Rxh8 Rxh8 33. Rc5 f4 34. gxf4
gxf4 35. exf4 Nf5 36. Bxf5+ Kxf5 37. Ra5 b5 38. Ra6 Rh6 39. Kg3 Ke4 40. f5 Kxf5
41. f3 Re6 42. Rb6 Rg6+ 43. Kf2 Rh6 44. Kg3 Rg6+ 45. Kf2 Rh6 46. Kg3 1/2-1/2

[Event "Mondiale Semilampo FIDE 2024"]
[Site "New York"]
[Date "26.12.2024"]
[Round "5.9"]
[White "Shankland, Sam"]
[Black "Firouzja, Alireza"]
[Result "1/2-1/2"]
[WhiteTitle "GM"]
[BlackTitle "GM"]
[WhiteElo "2672"]
[BlackElo "2763"]
[WhiteFideId "2004887"]
[BlackFideId "12573981"]
[EventDate "26.12.2024"]

1. Nf3 Nf6 2. g3 b6 3. Bg2 Bb7 4. O-O g6 5. c4 Bg7 6. d4 O-O 7. d5 Na6 8. Nc3
Nc5 9. Re1 e6 10. e4 d6 11. Rb1 a5 12. Qc2 Re8 13. Bd2 Bc8 14. Rbd1 exd5 15.
cxd5 Ba6 16. Bc1 Nfd7 17. Bf1 Bxf1 18. Kxf1 Nf6 19. Kg2 Qd7 20. h3 c6 21. Bg5
cxd5 22. Bxf6 Bxf6 23. Nxd5 Qd8 24. b3 Rc8 25. a3 Bg7 26. Qb1 b5 27. b4 Na4 28.
Re2 Nc3 29. Nxc3 Rxc3 30. Rd3 axb4 31. axb4 Qc7 32. Rxc3 Qxc3 33. Rd2 Qc6 34.
Rd5 Qc4 35. Rxd6 Bc3 36. Rd5 Rxe4 37. Rc5 Qxb4 38. Rxb5 Qxb1 39. Rxb1 1/2-1/2

[Event "Mondiale Semilampo FIDE 2024"]
[Site "New York"]
[Date "26.12.2024"]
[Round "5.11"]
[White "Martirosyan, Haik M."]
[Black "Abdusattorov, Nodirbek"]
[Result "0-1"]
[WhiteTitle "GM"]
[BlackTitle "GM"]
[WhiteElo "2656"]
[BlackElo "2777"]
[WhiteFideId "13306553"]
[BlackFideId "14204118"]
[EventDate "26.12.2024"]

1. d4 Nf6 2. c4 g6 3. Nc3 Bg7 4. e4 d6 5. Be2 O-O 6. Be3 Nc6 7. d5 Ne5 8. Nf3
Nxf3+ 9. Bxf3 e5 10. c5 Ne8 11. h4 f5 12. cxd6 cxd6 13. h5 Nf6 14. exf5 gxf5 15.
h6 Bh8 16. Bg5 Bd7 17. Qd2 Rc8 18. Be2 Qe8 19. f4 exf4 20. Bxf4 Ne4 21. Nxe4
Qxe4 22. Rh3 Rc2 23. Rg3+ Kf7 24. Qe3 Qb4+ 25. Kf1 Rxe2 26. Qf3 Re4 27. Qh5+ Ke7
28. Bg5+ Bf6 29. Rc1 Qd4 30. Bxf6+ Rxf6 31. Rg7+ Kf8 0-1

[Event "Mondiale Semilampo FIDE 2024"]
[Site "New York"]
[Date "26.12.2024"]
[Round "5.12"]
[White "Duda, Jan-Krzysztof"]
[Black "Niemann, Hans Moke"]
[Result "1-0"]
[WhiteTitle "GM"]
[BlackTitle "GM"]
[WhiteElo "2740"]
[BlackElo "2734"]
[WhiteFideId "1170546"]
[BlackFideId "2093596"]
[EventDate "26.12.2024"]

1. e4 e5 2. Nf3 Nc6 3. Bb5 Nf6 4. d3 Bc5 5. Bxc6 dxc6 6. O-O Nd7 7. c3 O-O 8. d4
Bd6 9. Bg5 f6 10. Bh4 Qe8 11. Nbd2 Qf7 12. Re1 b6 13. Bg3 a5 14. b3 Ba6 15. dxe5
fxe5 16. Qc2 Rae8 17. Rad1 Qh5 18. Nf1 Rxf3 19. gxf3 Qxf3 20. b4 Nf6 21. bxa5
bxa5 22. Qa4 Bxf1 23. Rxf1 Qxe4 24. Qxe4 Nxe4 25. Rd3 Kf7 26. Re1 Nf6 27. c4 Nd7
28. Rb3 a4 29. Rf3+ Ke6 30. Rfe3 g5 31. c5 Bf8 32. Bxe5 Kf5 33. Bxc7 Rxe3 34.
Rxe3 Bxc5 35. Rc3 Ke6 36. Bd8 g4 37. Rc4 a3 38. Rxg4 Ne5 39. Rg3 h5 40. h3 Bd6
41. Kg2 Kd5 42. Bf6 Nc4 43. Rd3+ Ke6 44. Bc3 Nb6 45. Kf3 Nd5 46. Ke4 Bc7 47. Ba1
Bd6 48. f4 Ne7 49. Be5 Bb4 50. Rg3 1-0

[Event "Mondiale Semilampo FIDE 2024"]
[Site "New York"]
[Date "26.12.2024"]
[Round "5.13"]
[White "Antipov, Mikhail Al."]
[Black "Mamedyarov, Shakhriyar"]
[Result "1/2-1/2"]
[WhiteTitle "GM"]
[BlackTitle "GM"]
[WhiteElo "2594"]
[BlackElo "2738"]
[WhiteFideId "4107012"]
[BlackFideId "13401319"]
[EventDate "26.12.2024"]

1. e4 e5 2. Nf3 Nc6 3. Bc4 Nf6 4. d3 d5 5. exd5 Nxd5 6. O-O Bg4 7. Re1 Qd6 8.
Nc3 Nxc3 9. bxc3 f6 10. h3 Bh5 11. a4 O-O-O 12. Ba3 Qd7 13. Bxf8 Rhxf8 14. Nxe5
Nxe5 15. Qxh5 Nxc4 16. dxc4 g6 17. Qf3 Qc6 18. Qxc6 1/2-1/2